| 000 | 00817nam a22001697a 4500 | ||
|---|---|---|---|
| 005 | 20240124101817.0 | ||
| 010 | _aHIN | ||
| 020 |
_c600.00 _a9789392325182 |
||
| 037 | _bअनुराग प्रकाशन | ||
| 082 | _a305.4 | ||
| 100 |
_aवालिनैमिशराय, मोहनदास _961207 |
||
| 245 |
_aदलित महिलाओ के आन्दोलन का इतिहास / _cमोहनदास नैमिशराय |
||
| 260 |
_aनई दिल्ली _bअनुराग प्रकाशन _c2023 |
||
| 270 |
_a4760-61, द्वितीय तल 23, अंसारी रोड _bपिलानी _e333031 |
||
| 300 |
_a192पृष्ट.; _c22सेमी (सजिल्द) |
||
| 942 |
_2ddc _cHN _h305.4 _mनैमिश |
||
| 999 |
_c200334 _d200334 |
||